Statistiken für Geographie nach Bild - Z

Klicken Sie hier um das Quiz zu spielen!

Allgemein

  • Dieses Quiz wurde 1.014 mal gespielt
  • Das Durchschnittsergebnis liegt bei 9 aus 15

Antwortstatistiken

Answer% Korrekt
Zypern
99%
Zugspitze
93%
Złoty
82%
Zürich
77%
Zaire
76%
Zagreb
75%
Zeitzone
70%
Zulu
68%
Zentralafrikanische Republik
60%
Zermatt
50%
Zeeland
47%
Zwickau
36%
Zoroastrismus
24%
Zakynthos
19%
{Zabriskie} Point
9%

Verteilung der Resultate

Perzentil nach korrekt beantworteten Fragen

Anzahl Personen mit jedem Resultat

Ihre Resultats-Entwicklung

Sie haben dieses Quiz noch nicht gespielt